ბათუმის შოთა რუსთაველის სახელმწიფო უნივერსიტეტის ბიბლიოთეკა

სენსომოტორული აქტივობა და ფიქსირებული განწყობა / (ბიბ.ჩანაწერი № 37829)

000 -ლიდერი
ფიქსირებული სიგრძის საკონტროლო ველი 01072nam a2200253Ia 4500
001 - საკონტროლო ნომერი
საკონტროლო ველი 3806
003 - საკონტროლო ნომრის იდენტიფიკატორი
საკონტროლო ველი GE_BSU
005 - ბოლო ოპერაციის თარიღი და დრო
საკონტროლო ველი 20190814155008.0
008 - ფიქსირებული სიგრძის მონაცემთა ელემენტები - ზოგადი ინფორმაცია
ფიქსირებული სიგრძის საკონტროლო ველი 181216s1980||||ge |||||||||||||| ||geo||
040 ## - კატალოგიზაციის წყარო
Transcribing agency GE_BSU
041 ## - ენის კოდი
Language code of text/sound track or separate title geo
080 ## - უნივერსალური ათობითი კლასიფიკაციის ინდექსი
Universal Decimal Classification number 159.9.07 მ–85
100 ## - მთავარი ჩანაწერი - პიროვნების სახელი
Personal name ნონიაშვილი, თ.
9 (RLIN) 3595
245 ## - ცნობა სათაურის შესახებ
Title სენსომოტორული აქტივობა და ფიქსირებული განწყობა /
Statement of responsibility, etc დ. უზნაძის სახ. ფსიქოლოგიის ინ-ტი.
264 ## - წარმოების, გამოცემის, დისტრიბუციის და სხვა ცნობები
გამოცემის, წარმოების, დისტრიბუციის... ადგილი თბ. :
გამოცემის, წარმოების, დისტრიბუციის... სახელწოდება მეცნიერება,
გამოცემის, წარმოების, დისტრიბუციის... თარიღი 1980.
300 ## - ფიზიკური აღწერა
Extent 108 გვ. ;
Other physical details 21 სმ.
500 ## - ზოგადი შენიშვნა
General note
504 ## - BIBLIOGRAPHY, ETC. NOTE
Bibliography, etc ლიტ. სია: გვ.:102-108(84 სხწ.).
520 ## - SUMMARY, ETC.
Summary, etc რეზ. რუს.
653 ## - INDEX TERM--UNCONTROLLED
Uncontrolled term სენსომოტორული აქტივობა
653 ## - INDEX TERM--UNCONTROLLED
Uncontrolled term ფიქსირებული განწყობა
710 ## - ADDED ENTRY--CORPORATE NAME
Corporate name or jurisdiction name as entry element დ. უზნაძის სახ. ფსიქოლოგიის ინ-ტი.
9 (RLIN) 3596
942 ## - ADDED ENTRY ELEMENTS (KOHA)
Koha item type წიგნი
Source of classification or shelving scheme
ეგზემპლარები
ჩამოწერის სტატუსი დაკარგული ეგზემპლარის სტატუსი კლასიფიკაციის წყარო ან თაროზე გაწყობის სქემა დაზიანების სტატუსი არ გაიცემა მუდმივი მდებარეობა (დაცვის ადგილი) ამჟამინდელი ადგილსამყოფელი თაროზე განთავსების ადგილი შეძენის თარიღი ღირებულება, შესყიდვის ნორმალური ფასი სრული შენახვის შიფრი შტრიხკოდი ბოლო ოპერაციის თარიღი ეგზემპლარის მიმდევრობითი ნომერი (კეტერი?) ფასის ძალაში შესვლის თარიღი ეგზემპლარის სახეობა საჯარო შენიშვნა
          ბათუმის შოთა რუსთაველის სახელმწიფო უნივერსიტეტის მთავარი ბიბლიოთეკა ბათუმის შოთა რუსთაველის სახელმწიფო უნივერსიტეტის მთავარი ბიბლიოთეკა წიგნსაცავი 2018-12-17 0.00 159.9.07 მ–85 5417 2018-12-17 5417 2018-12-17 წიგნი 0.60 თ.
          ბათუმის შოთა რუსთაველის სახელმწიფო უნივერსიტეტის მთავარი ბიბლიოთეკა ბათუმის შოთა რუსთაველის სახელმწიფო უნივერსიტეტის მთავარი ბიბლიოთეკა წიგნსაცავი 2018-12-17 0.00 159.9.07 მ–85 5455 2018-12-17 5455 2018-12-17 წიგნი 0,60 თ.